Modeling and analysis of the scheduling, storage, and equipment assignment integrated problem for the improvement of warehouse put-away processes / (رقم التسجيلة. 178776)

تفاصيل مارك
000 -LEADER
fixed length control field 03626namaa22004211i 4500
003 - CONTROL NUMBER IDENTIFIER
control field EG-GICUC
005 - أخر تعامل مع التسجيلة
control field 20260311102116.0
008 - FIXED-LENGTH DATA ELEMENTS--GENERAL INFORMATION
fixed length control field 260301s2025 ua a|||frm||| 000 0 eng d
040 ## - CATALOGING SOURCE
Original cataloguing agency EG-GICUC
Language of cataloging eng
Transcribing agency EG-GICUC
Modifying agency EG-GICUC
Description conventions rda
041 0# - LANGUAGE CODE
Language code of text/sound track or separate title eng
Language code of summary or abstract eng
-- ara
049 ## - Acquisition Source
Acquisition Source Deposit
082 04 - DEWEY DECIMAL CLASSIFICATION NUMBER
Classification number 670.5
092 ## - LOCALLY ASSIGNED DEWEY CALL NUMBER (OCLC)
Classification number 670.5
Edition number 21
097 ## - Degree
Degree Ph.D
099 ## - LOCAL FREE-TEXT CALL NUMBER (OCLC)
Local Call Number Cai01.13.13.Ph.D.2025.Ra.M
100 0# - MAIN ENTRY--PERSONAL NAME
Authority record control number or standard number Rana Mohamed Abdel Rahman Saleh,
Preparation preparation.
245 10 - TITLE STATEMENT
Title Modeling and analysis of the scheduling, storage, and equipment assignment integrated problem for the improvement of warehouse put-away processes /
Statement of responsibility, etc. by Rana Mohamed Abdel Rahman Saleh ; Supervisors Prof. Dr. Tamer F. Abdelmaguid.
246 15 - VARYING FORM OF TITLE
Title proper/short title نمذجة وتحليل مشكلة الجدولة والتخزين وتعيين المعدات المتكاملة لتحسين عمليات الإيداع فى المستودعات
264 #0 - PRODUCTION, PUBLICATION, DISTRIBUTION, MANUFACTURE, AND COPYRIGHT NOTICE
Date of production, publication, distribution, manufacture, or copyright notice 2025.
300 ## - PHYSICAL DESCRIPTION
Extent 126 pages :
Other physical details illustrations ;
Dimensions 30 cm. +
Accompanying material CD.
336 ## - CONTENT TYPE
Content type term text
Source rda content
337 ## - MEDIA TYPE
Media type term Unmediated
Source rdamedia
338 ## - CARRIER TYPE
Carrier type term volume
Source rdacarrier
502 ## - DISSERTATION NOTE
Dissertation note Thesis (Ph.D)-Cairo University, 2025.
504 ## - BIBLIOGRAPHY, ETC. NOTE
Bibliography, etc. note Bibliography: pages 117-126.
520 #3 - SUMMARY, ETC.
Summary, etc. This study combines put-away operations with parallel machine scheduling in <br/>dedicated and randomized storage systems, using binary integer nonlinear <br/>programming models to address constraints like product arrivals and precedence, <br/>material handling equipment eligibility. It aims to minimize costs and times related to <br/>transportation, waiting at the Input/Output station, storage, and tardiness, introducing <br/>new test instances. Due to complexity, metaheuristic techniques are developed, such <br/>as Discrete Particle Swarm Optimization, Genetic Algorithms, and Non-dominated <br/>Sorting Genetic Algorithm II.
520 #3 - SUMMARY, ETC.
Summary, etc. تجمع هذه الدراسة بين عمليات التخزين وجدولة الآلات المتوازية في أنظمة مخصصة وعشوائية، باستخدام نماذج البرمجة غير الخطية ثنائية الأعداد الصحيحة (BINLP) لمعالجة قيود مثل وصول المنتجات وأسبقيتها، وأهلية المعدات الطبية عالية الأداء (MHE)، بالإضافة إلى تكاليف المناولة. تهدف الدراسة إلى تقليل التكاليف والأوقات المتعلقة بالنقل، والانتظار في محطة الإدخال/الإخراج، والتخزين، والتأخير، من خلال طرح نماذج اختبار جديدة. ونظرًا للتعقيد، طُوّرت تقنيات استدلالية مثل تحسين أسراب الجسيمات المنفصلة، والخوارزمية الجينية، وخوارزمية الترتيب غير المسيطر الجينية II.
530 ## - ADDITIONAL PHYSICAL FORM AVAILABLE NOTE
Issues CD Issues also as CD.
546 ## - LANGUAGE NOTE
Text Language Text in English and abstract in Arabic & English.
650 #0 - SUBJECT ADDED ENTRY--TOPICAL TERM
Topical term or geographic name entry element Mechanical engineering
650 #0 - SUBJECT ADDED ENTRY--TOPICAL TERM
Topical term or geographic name entry element الهندسة الميكانيكية
653 #1 - INDEX TERM--UNCONTROLLED
Uncontrolled term Put-away Process
-- Unrelated Parallel Machine Scheduling
-- Storage Policies
-- Discrete Particle Swarm Optimization
-- Genetic Algorithms
-- الإيداع
-- جدولة الآلات المتوازية غير المتجانسة
700 0# - ADDED ENTRY--PERSONAL NAME
Personal name Tamer F. Abdelmaguid
Relator term thesis advisor.
900 ## - Thesis Information
Grant date 01-01-2025
Supervisory body Tamer F. Abdelmaguid
Discussion body Mohamed Hassan Gadallah
-- Sherif Adel Fahmy
Universities Cairo University
Faculties Faculty of Engineering
Department Department of Mechanical Design and Production Engineering
905 ## - Cataloger and Reviser Names
Cataloger Name Shimaa
Reviser Names Eman Ghareb
942 ## - ADDED ENTRY ELEMENTS (KOHA)
Source of classification or shelving scheme Dewey Decimal Classification
Koha item type Thesis
Edition 21
Suppress in OPAC No
المقتنيات
Source of classification or shelving scheme Home library Current library Date acquired Inventory number Full call number Barcode Date last seen Effective from Koha item type
Dewey Decimal Classification المكتبة المركزبة الجديدة - جامعة القاهرة قاعة الرسائل الجامعية - الدور الاول 01.03.2026 93467 Cai01.13.13.Ph.D.2025.Ra.M 01010110093467000 01.03.2026 01.03.2026 Thesis
Cairo University Libraries Portal Implemented & Customized by: Eng. M. Mohamady Contacts: new-lib@cl.cu.edu.eg | cnul@cl.cu.edu.eg
CUCL logo CNUL logo
© All rights reserved — Cairo University Libraries
CUCL logo
Implemented & Customized by: Eng. M. Mohamady Contact: new-lib@cl.cu.edu.eg © All rights reserved — New Central Library
CNUL logo
Implemented & Customized by: Eng. M. Mohamady Contact: cnul@cl.cu.edu.eg © All rights reserved — Cairo National University Library